| 000 | 01413nam a2200193 a 4500 | ||
|---|---|---|---|
| 008 | 161215e2018 ag |||g |||| 00| 1 spa d | ||
| 020 | _a9789507540462 | ||
| 041 | _aspa | ||
| 092 |
_c615.882 _l6 _sBAC |
||
| 100 | 1 |
_aBach, Edward _cDr. _94341 |
|
| 245 |
_aBach por Bach. _bObras completas. Escritos florales / _cEdward Bach |
||
| 250 |
_a1a ed. _bTraducción Bárbara Espeche y Eduardo H. Grecco. |
||
| 260 |
_aBuenos Aires: _bContinente; _c2018. |
||
| 300 |
_a192 p. _c23x16 cm. |
||
| 500 | _aBach, E. (2018). Bach por Bach. (1a ed.). Buenos Aires : Continente. | ||
| 505 | _aLos escritos florales del Dr. Edward Bach se encontraban sólo parcialmente traducidos al castellano. Bárbara Espeche y Eduardo H. Grecco, reconocidos especialistas en las terapias florales, han encarado una nueva y completa versión de estos escritos, enmarcándolos en el pensamiento de la época y desarrollando, al mismo tiempo, un aparato de lectura del texto de Bach. Le ofrecemos al lector este libro con la certeza de que él habrá de iluminar significativamente acerca del modo como Bach concebía su práctica curativa. "Detrás de toda enfermedad subyacen nuestros miedos, nuestras ansiedades, nuestra codicia, nuestras simpatías y antipatías; investiguemos estas emociones y curémoslas, puesto que con ellas desaparecerán también las dolencias que padecemos". | ||
| 655 |
_aTerapias florales _94342 |
||
| 942 |
_2ddc _cLIT |
||
| 999 |
_c3293 _d3293 |
||